000
00221 a2200097 4500
001
19818
100
_a
Duverger M
245
_a
Introduction to the social science
260
_a
_b
Allen & Unwin
_c
090
_c
14442
_d
14442
942
_a
NUST-CAE
_c
M
_c
4939
999
_c
254891
_d
254891